ARRUPE JESUIT UNIVERSITY

CORONAVIRUS -STOP THE SPREAD - CLEAN,DISINFECT,COVER
Normal view MARC view

Entry Topical Term

Number of records used in: 1

001 - CONTROL NUMBER

  • control field: 11937

003 - CONTROL NUMBER IDENTIFIER

  • control field: ARRUPE

005 - DATE AND TIME OF LATEST TRANSACTION

  • control field: 20141002120227.0

008 - FIXED-LENGTH DATA ELEMENTS

  • fixed length control field: 141002|| aca||aabn | a|a d

040 ## - CATALOGING SOURCE

  • Original cataloging agency: ARRUPE
  • Transcribing agency: ARRUPE

150 ## - HEADING--TOPICAL TERM

  • Topical term or geographic name as entry element: Rabbinical literature
  • General subdivision: Outlines, syllabi, etc.

670 ## - SOURCE DATA FOUND

  • Source citation: Work cat.: (ARRUPE)0: Whitney, John R. (John Raymond), 1920- 11934, Religious literature of the West, [1971]

 

Arrupe Library. PO Box MP320 Mt Pleasant, Harare, Zimbabwe
263 242 745411|librarian@aju.ac.zw